01537nam a2200289 a 4500001001000000005001700010008004100027041000800068044000800076084002000084100004500104245014500149260003900294300001700333500041200350500007300762500006500835500004000900500001000940546002400950650005200974650005601026650003401082650004501116700003601161740005001197BRCA_334320190320204232.0250309s1885----enk#---###---#000-0#eng-# aeng aenk a637b.S65c18851 aCervantes Saavedra, Miguel ded1547-161610aThe Ingenious Gentleman Don Quixote of la ManchacBy Miguel de Cervantes Saavedra; A Translation with Introduction and Notes by John Ormsby. aLondresbElder Smith and Co.c1885 a4 v.c23 cm. aContenido : v.1. Primera parte. Mapa. Biografía de Cervantes y Don Quijote por Ormsby. Prólogo del autor. Versos preliminares. Notas. -- v.2. Primera parte. Texto. Notas. -- v.3. Segunda parte. Prólogo del autor. Notas. -- v.4. Segunda parte. Texto. Notas. Apéndices: I. Probervios de Don Quijote II. Libros de caballería españoles III. Bibliografía de las ediciones y traducciones del Quijote aEjemplar por completo igual al anterior [636]. Tela Lúdovik Osterc aEstado físico : v.1 lomo desprendido, v.4 lomo deteriorado aCon ex-libris de : Ancore Weybridge aQM485 aTexto en : inglés14aNovela españolayÉpoca clásica, 1500-170014aLiteratura españolayÉpoca clásica, 1500-170014aNovela españolaySiglo XVII14aDon Quijote (Personaje ficticio)eNovela1 aOrmsby, Johnd1829-1895eEditor0 aEl Ingenioso Hidalgo Don Quijote de la Mancha